00640cam a22001691 4500008004100000020002200041100002200063245018200085260004400267300003400311440003300345650003900378700002600417003000100443005001700444040000900461  a0486206459 (pbk.)0 aVitruvius Pollio.00aVitruvius :bthe ten books on architecture /cTranslated by Morris Hicky Morgan. With illustrations and original designs prepared under the direction of Herbert Langford Warren. aNew York :bDover Publications,c[1960] axii, 331 p. :bill. ;c20 cm. aDover Books on Architecture. 0aArchitecturevEarly works to 1800.1 aMorgan, Morris Hicky.20230123125155.0 cNUST